Score 0/20 Timer 03:00
0 Plays Today
Hint Missing Word % Correct
Where ____ Come TrueDreams
89.1%
You Can Do It. We Can ____Help
86.4%
Oh Thank ____ for 7-ElevenHeaven
76.3%
Real ____ MattersCheese
75.7%
Imagination at ____Work
57.5%
____ Runs Like a DeereNothing
54.8%
Homestyle ____ Done RightCooking
51.5%
The ____ CompanyFamily
50.2%
The ____ Driving MachineUltimate
42.7%
The World On ____Time
32.4%
Hint Missing Word % Correct
The ____ Online MarketplaceWorld's
31.3%
____ More. Pay LessExpect
30.1%
____ the DifferenceExperience
27.3%
Do ____More
22.1%
We See Your ____ Life in TotalFinancial
13.1%
____ to PlayBorn
11.7%
Thousands of ____. Get YoursPossibilities
5.4%
Spirit of ____Service
2%
We Help You ____ the FutureInvent
1.3%
We are Canada's ____Merchants
1.3%

Today's Daily Dose

You're not logged in!

Compare scores with friends on all Sporcle quizzes.
OR
Log In

Sporcle TV

Today on Sporcle TV


Watch our educational content, quiz creation guides, and fun videos on Sporcle TV.

Show Comments

Extras

Top Quizzes Today


Score Distribution

Your Account Isn't Verified!

In order to create a playlist on Sporcle, you need to verify the email address you used during registration. Go to your Sporcle Settings to finish the process.

Report this User

Report this user for behavior that violates our Community Guidelines.

Details: